UNLOCKING INCLUSIVE EDUCATION (Record no. 33228)

MARC details
000 -LEADER
fixed length control field 00316nam a22001337a 4500
003 - CONTROL NUMBER IDENTIFIER
control field SGT
020 ## - INTERNATIONAL STANDARD BOOK NUMBER
International Standard Book Number 978934836632
082 ## - DEWEY DECIMAL CLASSIFICATION NUMBER
Classification number 371.9046,YAD
100 ## - MAIN ENTRY--PERSONAL NAME
Personal name YADAV, PRIYANKA
245 ## - TITLE STATEMENT
Title UNLOCKING INCLUSIVE EDUCATION
260 ## - PUBLICATION, DISTRIBUTION, ETC. (IMPRINT)
Place of publication, distribution, etc NEW DELHI
Name of publisher, distributor, etc NEELKAMAL PUBLICATIONS PVT. LTD
Year of Publication 2025
300 ## - PAGE DESCRIPTION
No. of Pages 228
942 ## - ADDED ENTRY ELEMENTS (KOHA)
Source of classification or shelving scheme Dewey Decimal Classification
Koha item type Books
Holdings
Withdrawn status Lost status Source of classification or shelving scheme Damaged status Not for loan Collection code Home library Current library Shelving location Date acquired Vendor Name Cost, normal purchase price SGTU Total Checkouts Full call number Accession No. (Barcode) Date last seen Date last borrowed Bill Date Koha item type
    Dewey Decimal Classification   Not For Loan EDUCATION SGT Engineering Library SGT Engineering Library Reference Book 22/12/2025 SGTU FACULTY PUBLICATIONS 595.00 SGTU 1 371.9046,YAD ED5437 29/12/2025 29/12/2025 22/12/2025 Books